[Event "Budapest-chT1 Lilienthal 1718"]
[Site "Budapest"]
[Date "2017.12.10"]
[Round "5"]
[White "Stukovszky, Tamas"]
[Black "Kertesz, Aron Borsa"]
[Result "1/2-1/2"]
[WhiteElo "1465"]
[BlackElo "1572"]
[PlyCount "107"]
[EventDate "2017.10.01"]
[EventType "team-tourn"]
[EventRounds "13"]
[EventCountry "HUN"]
[SourceTitle "EXT 2021"]
[Source "ChessBase"]
[SourceDate "2020.10.23"]
[SourceVersion "1"]
[SourceVersionDate "2020.10.23"]
[SourceQuality "1"]
[WhiteTeam "Budapest EAC II"]
[BlackTeam "Budapest Ujpest KSE"]
[WhiteTeamCountry "HUN"]
[BlackTeamCountry "HUN"]

1. d4 Nf6 2. c4 g6 3. Nc3 Bg7 4. Nf3 d6 5. e3 0-0 6. Be2 c6 7. 0-0 Qc7 8. Qc2 Nbd7 9. b3 e5 10. dxe5 dxe5 11. Ba3 Rd8 12. Rad1 Re8 13. Bd6 Qa5 14. b4 Qd8 15. Bxe5 Nxe5 16. Rxd8 Nxf3+ 17. Bxf3 Rxd8 18. Rd1 Be6 19. Rxd8+ Rxd8 20. c5 Ne8 21. a3 Nc7 22. h3 Bxc3 23. Qxc3 Nb5 24. Qb2 Rd3 25. a4 Rb3 26. Qf6 Nc3 27. b5 Nxa4 28. bxc6 bxc6 29. Bxc6 Nc3 30. Qe7 a5 31. Qd8+ Kg7 32. Qxa5 Nd5 33. Bxd5 Bxd5 34. Qc7 Be6 35. c6 h5 36. Qe5+ Kh7 37. f3 Rb1+ 38. Kh2 Rc1 39. g4 hxg4 40. hxg4 Rxc6 41. Kg3 Rc1 42. Kf4 Rd1 43. e4 Rf1 44. Qc3 Kg8 45. Kg5 Kh7 46. Kf6 Bxg4 47. Ke7 Rxf3 48. Qb2 Be6 49. Kf8 Kh6 50. Qg2 Rh3 51. Qb2 Rf3 52. Qg2 Rh3 53. Qb2 Rf3 54. Qg2 1/2-1/2